[Event "ZMDI Open 2014"]
[Site "Dresden GER"]
[Date "2014.08.23"]
[Round "9.4"]
[White "Teske, Henrik"]
[Black "Gutman, Lev"]
[Result "1-0"]
[WhiteTitle "GM"]
[BlackTitle "GM"]
[WhiteElo "2505"]
[BlackElo "2438"]
[WhiteFideId "4611500"]
[BlackFideId "4600177"]
[EventDate "2014.08.15"]

1. d4 Nf6 2. Bg5 Ne4 3. Bf4 d5 4. e3 g6 5. Nf3 Bg7 6. Nbd2 Bg4 7. Nxe4 dxe4 8.
h3 Bxf3 9. gxf3 e5 10. dxe5 Qe7 11. fxe4 Qb4+ 12. Qd2 Qxb2 13. Qd4 Qb6 14. O-O-O
O-O 15. Qxb6 axb6 16. Bc4 b5 17. Bb3 c5 18. c4 bxc4 19. Bxc4 Nc6 20. e6 fxe6 21.
Bxe6+ Kh8 22. Rd7 Nd4 23. Bf7 Ne2+ 24. Kd2 Nxf4 25. exf4 Bh6 26. Rb1 Bxf4+ 27.
Ke2 Kg7 28. Bd5+ Kf6 29. Rb6+ Kg5 30. Rxh7 Be5 31. h4+ Kf4 32. Rxg6 c4 33. Bxc4
Kxe4 34. Rxb7 Rad8 35. Rg4+ Kf5 36. Rg5+ Kf4 37. Be6 Bc3 38. Rbb5 Rd2+ 39. Kf1
Rf6 40. Rg4+ Kf3 41. Rg3+ Kf4 42. Bc8 Ke4 43. Bb7+ Kd4 44. Rd5+ Kc4 45. Rxd2
Bxd2 46. Bf3 Kd4 47. Be2 Ke5 48. h5 Rb6 49. Rb3 Rc6 50. Rb2 Bc1 51. Rb5+ Kd4 52.
a4 Bd2 53. Rb8 Rc2 54. Rh8 1-0

[Event "ZMDI Open 2014"]
[Site "Dresden GER"]
[Date "2014.08.23"]
[Round "9.5"]
[White "Belezky, Alexander"]
[Black "Bindrich, Falko"]
[Result "0-1"]
[WhiteTitle "IM"]
[BlackTitle "GM"]
[WhiteElo "2454"]
[BlackElo "2598"]
[WhiteFideId "14105411"]
[BlackFideId "4676670"]
[EventDate "2014.08.15"]

1. Nf3 d5 2. g3 c6 3. Bg2 Bg4 4. d3 Nd7 5. O-O Ngf6 6. Qe1 e5 7. e4 dxe4 8. dxe4
Be7 9. Nbd2 b5 10. h3 Bh5 11. Nh4 O-O 12. Bf3 Bxf3 13. Ndxf3 Re8 14. Nf5 Bf8 15.
Bg5 h6 16. Bxf6 Nxf6 17. Rd1 Qc8 18. Kg2 Qe6 19. b3 g6 20. N5h4 c5 21. Qe2 Qc6
22. Nd2 h5 23. f3 Bh6 24. Kh2 c4 25. bxc4 Rac8 26. Ng2 Qc5 27. Rf2 bxc4 28. Nb1
Red8 29. Rff1 c3 30. Rxd8+ Rxd8 31. Rd1 Rxd1 32. Qxd1 Bd2 33. Qe2 Qb4 34. Nxd2
cxd2 35. Ne3 Qd4 36. Nd1 h4 37. g4 Nd7 38. c3 Qd6 39. Ne3 Nb6 40. Kg2 Kf8 41.
Kf2 f5 42. Nd1 fxg4 43. fxg4 Kg7 44. Qe3 a5 45. Ke2 Qc6 46. Qd3 Nc4 47. Ne3 Nxe3
48. Kxe3 d1=R 49. Qxd1 Qxc3+ 50. Qd3 Qe1+ 51. Qe2 Qh1 52. Qf3 Qh2 53. a4 Qc2 54.
Qf2 Qc3+ 55. Ke2 Qc4+ 56. Kd2 Qb4+ 57. Kd3 Qb3+ 58. Kd2 Qxh3 59. Qa7+ Kh6 60.
g5+ Kxg5 61. Qe7+ Kf4 62. Qf7+ Kg3 63. Qxg6+ Qg4 64. Qb6 Qf4+ 65. Kd3 Qf3+ 0-1

[Event "ZMDI Open 2014"]
[Site "Dresden GER"]
[Date "2014.08.23"]
[Round "9.6"]
[White "Akesson, Ralf"]
[Black "Turikov, Viktor"]
[Result "1-0"]
[WhiteTitle "GM"]
[BlackTitle "FM"]
[WhiteElo "2466"]
[BlackElo "2256"]
[WhiteFideId "1700120"]
[BlackFideId "4107810"]
[EventDate "2014.08.15"]

1. d4 b6 2. e4 Bb7 3. Bd3 e6 4. Nf3 Nf6 5. e5 Nd5 6. c4 Nb4 7. Be2 Be4 8. Na3
Be7 9. O-O O-O 10. Bd2 a5 11. Nb5 Bc2 12. Qc1 Bg6 13. a3 N4a6 14. b3 d6 15. Bf4
Qd7 16. Qe3 d5 17. Rac1 c6 18. Nd6 Nc7 19. c5 b5 20. g4 Qd8 21. Bg3 Nd7 22. Ne1
a4 23. b4 Ra7 24. f4 f5 25. h3 Ne8 26. Ng2 Kh8 27. Bd3 Qa8 28. Qe2 Nxd6 29. cxd6
Bd8 30. gxf5 Bxf5 31. Bxf5 Rxf5 32. Ne3 Rf7 33. f5 Nf8 34. Qg4 Qc8 35. fxe6 Nxe6
36. Nxd5 Bg5 37. Ne7 Rfxe7 38. dxe7 Rxe7 39. d5 Qd8 40. dxe6 Be3+ 41. Bf2 Bxc1
42. Rxc1 1-0

[Event "ZMDI Open 2014"]
[Site "Dresden GER"]
[Date "2014.08.23"]
[Round "9.7"]
[White "Izsak, Gyula"]
[Black "Gajek, Radoslaw"]
[Result "1/2-1/2"]
[WhiteTitle "IM"]
[BlackTitle "FM"]
[WhiteElo "2444"]
[BlackElo "2355"]
[WhiteFideId "702234"]
[BlackFideId "1125893"]
[EventDate "2014.08.15"]

1. d4 Nf6 2. Nf3 e6 3. c4 b6 4. g3 Ba6 5. Qc2 Bb7 6. Bg2 c5 7. O-O cxd4 8. Nxd4
Bxg2 9. Kxg2 Qc8 10. b3 Be7 11. Bb2 O-O 12. Nd2 d6 13. Rac1 Nbd7 14. Rfd1 Qb7+
15. Kg1 a6 16. Qb1 Rfc8 17. Rc2 d5 18. Rdc1 Nc5 19. cxd5 Nxd5 20. a3 b5 21. N2f3
Bf8 22. b4 Na4 23. Nc6 Nac3 24. Bxc3 Rxc6 25. Bd4 Rac8 1/2-1/2

[Event "ZMDI Open 2014"]
[Site "Dresden GER"]
[Date "2014.08.23"]
[Round "9.8"]
[White "Arnaudov, G. Petar"]
[Black "Farago, Ivan"]
[Result "1-0"]
[WhiteTitle "GM"]
[BlackTitle "GM"]
[WhiteElo "2429"]
[BlackElo "2443"]
[WhiteFideId "2907127"]
[BlackFideId "700134"]
[EventDate "2014.08.15"]

1. Nf3 Nf6 2. c4 c5 3. g3 Nc6 4. Bg2 d5 5. cxd5 Nxd5 6. Nc3 Nc7 7. O-O e5 8. d3
Be7 9. Nd2 Bd7 10. Nc4 f6 11. f4 Rb8 12. fxe5 O-O 13. exf6 Bxf6 14. Bf4 Be6 15.
Ne4 Be7 16. Qd2 Qd7 17. Ne5 Nxe5 18. Bxe5 h6 19. Qa5 b6 20. Rxf8+ Rxf8 21. Qxa7 1-0

[Event "ZMDI Open 2014"]
[Site "Dresden GER"]
[Date "2014.08.23"]
[Round "9.9"]
[White "Mueller, Fabian"]
[Black "Maksimenko, Andrei"]
[Result "0-1"]
[WhiteTitle "FM"]
[BlackTitle "GM"]
[WhiteElo "2324"]
[BlackElo "2506"]
[WhiteFideId "4664060"]
[BlackFideId "14100584"]
[EventDate "2014.08.15"]

1. d4 d5 2. c4 c6 3. Nf3 Nf6 4. Nc3 a6 5. Ne5 dxc4 6. Nxc4 b5 7. Ne5 Bb7 8. Bg5
e6 9. e3 c5 10. Be2 Nbd7 11. Bf3 Qb6 12. Nxd7 Nxd7 13. O-O h6 14. Bh4 Be7 15.
Bxb7 Qxb7 16. Bxe7 Kxe7 17. dxc5 Nxc5 18. Qd4 Rhc8 19. b4 Nd7 20. Rac1 Nf6 21.
Rfd1 Ke8 22. Ne2 Rxc1 23. Rxc1 Rd8 24. Qc3 Qd5 25. Nd4 Ne4 26. Qc2 Kf8 27. f3
Nf6 28. Nc6 Rd6 29. e4 Qg5 30. Rd1 Qe3+ 31. Kh1 Qc3 0-1

[Event "ZMDI Open 2014"]
[Site "Dresden GER"]
[Date "2014.08.23"]
[Round "9.10"]
[White "Dann, Matthias"]
[Black "Braeuer, Franz"]
[Result "1-0"]
[WhiteTitle "IM"]
[WhiteElo "2464"]
[BlackElo "2317"]
[WhiteFideId "24638056"]
[BlackFideId "24634468"]
[EventDate "2014.08.15"]

1. e4 c5 2. Nf3 d6 3. d4 Nf6 4. Nc3 cxd4 5. Nxd4 a6 6. Be3 e5 7. Nf3 Qc7 8. a4
h6 9. Be2 Be7 10. O-O O-O 11. a5 Be6 12. Nd5 Nxd5 13. exd5 Bf5 14. c4 Nd7 15. b4
Bg4 16. Nd2 Bxe2 17. Qxe2 f5 18. f3 Bg5 19. Bxg5 hxg5 20. Kh1 Rae8 21. Qe3 f4
22. Qd3 Nf6 23. Qg6 Qe7 24. Rfe1 Rc8 25. Rac1 Qe8 26. Qxg5 Qa4 27. Rb1 Qc2 28.
Red1 Rfe8 29. h3 Rc7 30. c5 dxc5 31. d6 Rd7 32. Rbc1 Qa4 33. bxc5 Qxa5 34. Qg6
Rc8 35. Ne4 Qd8 36. Re1 Nxe4 37. Qxe4 Qf6 38. Qd5+ Kh7 39. Rxe5 Rxd6 40. cxd6
Rxc1+ 41. Kh2 Rc8 42. d7 Rd8 43. Re6 1-0

[Event "ZMDI Open 2014"]
[Site "Dresden GER"]
[Date "2014.08.23"]
[Round "9.11"]
[White "Schuetze, Norman"]
[Black "Sundararajan, Kidambi"]
[Result "0-1"]
[BlackTitle "GM"]
[WhiteElo "2284"]
[BlackElo "2424"]
[WhiteFideId "4659406"]
[BlackFideId "5005370"]
[EventDate "2014.08.15"]

1. e4 d5 2. exd5 Qxd5 3. Nc3 Qd8 4. d4 Nf6 5. Nf3 Bg4 6. h3 Bxf3 7. Qxf3 c6 8.
Be3 e6 9. g3 Bb4 10. Bg2 Qd5 11. O-O Qxf3 12. Bxf3 Nbd7 13. Ne2 Nd5 14. Bc1 N7b6
15. a3 Be7 16. b3 Bf6 17. c4 Ne7 18. g4 h6 19. Be3 Bg5 20. Ng3 f5 21. gxf5 exf5
22. Bxg5 hxg5 23. Rfe1 Kf7 24. Kg2 Rad8 25. a4 Nbc8 26. Rad1 g6 27. Ne2 Rh4 28.
Rd3 Nd6 29. Nc3 g4 30. hxg4 fxg4 31. Bd1 Rdh8 32. d5 cxd5 33. Nxd5 Rh2+ 34. Kf1
Nxd5 35. cxd5 Rh1+ 36. Ke2 Re8+ 37. Re3 Rxe1+ 38. Kxe1 g3 39. Kf1 Rxe3 40. fxe3
Nf5 41. Ke2 g2 42. Kf2 Nxe3 43. Bf3 a5 44. d6 b6 45. d7 Ke7 46. Bc6 Kd8 47. Kg1
Nf5 48. Kxg2 Nd4 49. Be4 g5 50. Kg3 Kxd7 51. Kg4 Nxb3 52. Kxg5 Kd6 53. Kf4 Nc5
54. Bc2 Kd5 55. Ke3 Kc4 56. Kd2 Kb4 57. Kc1 Nxa4 58. Kb1 Ka3 59. Bd3 b5 60. Bg6
b4 61. Bf5 b3 62. Bg6 Nc3+ 63. Ka1 b2# 0-1

[Event "ZMDI Open 2014"]
[Site "Dresden GER"]
[Date "2014.08.23"]
[Round "9.12"]
[White "Satyapragyan, Swayangsu"]
[Black "Syperek, Sebastian"]
[Result "1-0"]
[WhiteTitle "IM"]
[WhiteElo "2401"]
[BlackElo "2198"]
[WhiteFideId "5004306"]
[BlackFideId "4645758"]
[EventDate "2014.08.15"]

1. e4 e5 2. Nf3 Nc6 3. Bb5 a6 4. Ba4 Nf6 5. O-O Be7 6. d3 b5 7. Bb3 O-O 8. a4
Bb7 9. Nc3 b4 10. Nd5 Nxd5 11. Bxd5 d6 12. a5 Rb8 13. Be3 Bf6 14. c3 Ba8 15. Bc4
Bb7 16. Re1 bxc3 17. bxc3 Ne7 18. Qc2 d5 19. Ba2 dxe4 20. dxe4 Ng6 21. Red1 Qc8
22. h3 h6 23. Bc5 Rd8 24. Rxd8+ Qxd8 25. Rb1 Bc6 26. Bxf7+ Kh7 27. Rd1 Qc8 28.
Nh2 Nf4 29. Ng4 Qb7 30. Bd5 Qb5 31. Be3 Qe2 32. Qc1 Bxd5 33. exd5 Qxg4 34. hxg4
Ne2+ 35. Kf1 Nxc1 36. Rxc1 Rb5 37. c4 Rxa5 38. c5 Be7 39. Ke2 Kg6 40. d6 Bd8 41.
c6 Rd5 42. d7 Kf7 43. Ra1 a5 44. Rb1 a4 45. Rb8 Be7 46. Bb6 Rb5 47. Bxc7 Rxb8
48. Bxb8 a3 49. c7 a2 50. d8=Q Bxd8 51. cxd8=Q a1=Q 52. Qd5+ Kg6 53. Bxe5 Qa6+
54. Qd3+ 1-0

[Event "ZMDI Open 2014"]
[Site "Dresden GER"]
[Date "2014.08.23"]
[Round "9.13"]
[White "Vogel, Roven"]
[Black "Zwahr, Paul"]
[Result "1/2-1/2"]
[BlackTitle "FM"]
[WhiteElo "2279"]
[BlackElo "2362"]
[WhiteFideId "12908088"]
[BlackFideId "24609749"]
[EventDate "2014.08.15"]

1. e4 c5 2. Ne2 Nc6 3. d4 cxd4 4. Nxd4 e6 5. Nxc6 bxc6 6. Bd3 Nf6 7. O-O d5 8.
Nd2 Be7 9. Qe2 O-O 10. c4 a5 11. e5 1/2-1/2

[Event "ZMDI Open 2014"]
[Site "Dresden GER"]
[Date "2014.08.23"]
[Round "9.14"]
[White "Wichmann, Cliff"]
[Black "Koop, Thorben"]
[Result "1/2-1/2"]
[WhiteTitle "IM"]
[WhiteElo "2361"]
[BlackElo "2194"]
[WhiteFideId "4616090"]
[BlackFideId "24661619"]
[EventDate "2014.08.15"]

1. Nf3 Nf6 2. c4 c5 3. Nc3 d5 4. cxd5 Nxd5 5. d4 Nxc3 6. bxc3 g6 7. Bf4 Bg7 8.
e3 O-O 9. Be2 Nc6 10. O-O Qa5 11. Qb3 cxd4 12. cxd4 e5 13. dxe5 Nxe5 14. Nd4 Nc6
15. Nxc6 bxc6 16. Rad1 Be6 17. Bc4 Rfe8 18. h3 Be5 19. Bxe6 Rxe6 20. Bxe5 Qxe5
21. Qb7 Qb8 22. Rb1 Qxb7 23. Rxb7 Rd6 24. Rc1 Rad8 25. Rxa7 Rd1+ 26. Rxd1 Rxd1+
27. Kh2 c5 28. g4 h6 29. Kg3 c4 30. Rc7 Ra1 31. Rxc4 Rxa2 32. h4 Ra5 33. Re4 Kg7
34. f3 Rb5 35. Kf4 Kf6 36. Ra4 Rc5 37. e4 Rb5 38. Ra6+ Kg7 39. Rd6 Rb3 40. Rd5
Ra3 41. Rb5 Rc3 42. Rb7 Rc2 43. Rb6 Rc3 44. Rb2 Rc5 45. Rb3 Ra5 46. Kg3 Rc5 47.
f4 f6 48. Kf3 Ra5 49. Ke3 Ra1 50. e5 fxe5 51. fxe5 Kf7 52. Rb6 Re1+ 53. Kd4 Rd1+
54. Kc5 Rc1+ 55. Kd6 Rd1+ 56. Kc7 Rc1+ 57. Rc6 1/2-1/2

[Event "ZMDI Open 2014"]
[Site "Dresden GER"]
[Date "2014.08.23"]
[Round "9.15"]
[White "Stabolewski, Andreas"]
[Black "Neef, Maximilian"]
[Result "0-1"]
[BlackTitle "FM"]
[WhiteElo "2181"]
[BlackElo "2331"]
[WhiteFideId "4617851"]
[BlackFideId "24692085"]
[EventDate "2014.08.15"]

1. c4 Nf6 2. Nf3 g6 3. Nc3 Bg7 4. e4 d6 5. d4 O-O 6. Be2 e5 7. O-O Nc6 8. d5 Ne7
9. Ne1 Nd7 10. Nd3 f5 11. Bd2 Nf6 12. f3 Kh8 13. c5 c6 14. cxd6 Qxd6 15. f4 cxd5
16. Qb3 dxe4 17. fxe5 Qd4+ 18. Rf2 Nfg8 19. Nb5 Qd8 20. Nb4 Qxd2 21. Rd1 Qh6 22.
e6 a5 23. g4 axb4 24. Nd6 Bxe6 25. Qxe6 Qe3 26. Rd3 Qc5 27. Nxb7 Qe5 0-1

[Event "ZMDI Open 2014"]
[Site "Dresden GER"]
[Date "2014.08.23"]
[Round "9.16"]
[White "Fogarasi, Tibor"]
[Black "Tennert, Simon"]
[Result "1-0"]
[WhiteTitle "GM"]
[WhiteElo "2392"]
[BlackElo "2153"]
[WhiteFideId "700363"]
[BlackFideId "1270445"]
[EventDate "2014.08.15"]

1. Nf3 Nf6 2. c4 c5 3. Nc3 b6 4. d4 cxd4 5. Nxd4 Bb7 6. f3 a6 7. e4 d6 8. Be3 e6
9. Be2 Be7 10. O-O O-O 11. Qd2 Nbd7 12. Rfd1 Rc8 13. Rac1 Qc7 14. Kh1 Rfe8 15.
Bf1 Qb8 16. Bg1 Qa8 17. a3 Kh8 18. b4 Rg8 19. Nc2 g5 20. h3 Rg6 21. Na4 Nh5 22.
Bh2 Nf4 23. Nxb6 Nxb6 24. Qd4+ e5 25. Qxb6 d5 26. Qf2 dxe4 27. fxe4 Bxe4 28. Ne3
Kg8 29. Rd7 Re8 30. Kg1 h5 31. Nd5 Nxd5 32. cxd5 g4 33. hxg4 Rxg4 34. Rdc7 Bh4
35. Qxf7+ 1-0

[Event "ZMDI Open 2014"]
[Site "Dresden GER"]
[Date "2014.08.23"]
[Round "9.17"]
[White "Enchev, Ivajlo"]
[Black "Karasik, Evgeni"]
[Result "1-0"]
[WhiteTitle "IM"]
[WhiteElo "2393"]
[BlackElo "2221"]
[WhiteFideId "2907712"]
[BlackFideId "2803941"]
[EventDate "2014.08.15"]

1. b3 e5 2. Bb2 Nc6 3. e3 Nf6 4. Bb5 Bd6 5. Na3 a6 6. Bxc6 dxc6 7. Nc4 Qe7 8.
Ne2 O-O 9. Ng3 b5 10. Nxd6 cxd6 11. O-O Nd5 12. c4 Nb4 13. Bc3 Nd3 14. Qe2 e4
15. f3 d5 16. cxd5 cxd5 17. fxe4 dxe4 18. Qh5 Ra7 19. Rf6 Rc7 20. Bd4 Rd8 21.
Raf1 Rxd4 22. Rxf7 Qxf7 23. Rxf7 Rxf7 24. exd4 Nf4 25. Qe5 h5 26. h3 Bb7 27.
Nxh5 Nd3 28. Qe8+ Rf8 29. Qe6+ Rf7 30. d5 Nf2 31. d6 1-0

[Event "ZMDI Open 2014"]
[Site "Dresden GER"]
[Date "2014.08.23"]
[Round "9.18"]
[White "Barthel, Ansgar"]
[Black "Pirrot, Dieter"]
[Result "1/2-1/2"]
[BlackTitle "IM"]
[WhiteElo "2216"]
[BlackElo "2389"]
[WhiteFideId "4643461"]
[BlackFideId "4601157"]
[EventDate "2014.08.15"]

1. e4 e6 2. d4 d5 3. Nc3 Nf6 4. e5 Nfd7 5. f4 c5 6. Nf3 Nc6 7. Be3 a6 8. Qd2 b5
9. dxc5 Bxc5 10. Bxc5 Nxc5 11. Qf2 Qb6 12. b4 Nxb4 13. Rb1 d4 14. Nxd4 Qa5 15.
Qd2 Nxa2 16. Nd1 Qxd2+ 17. Kxd2 Ne4+ 18. Kd3 Bb7 19. Rb2 Bd5 20. Ke3 Nac3 21.
Nxc3 Nxc3 22. Bd3 O-O 23. Rg1 Rfd8 24. g4 Bb7 25. Ne2 Nd5+ 26. Kf2 Rac8 27. Ra1
Rc5 28. Ra5 Ne7 29. Ng3 Rc7 30. Ne4 Bxe4 31. Bxe4 Rc4 32. Kf3 g5 33. Rxa6 Rdd4
34. Bd3 Rxf4+ 35. Ke2 Rb4 36. Rxb4 Rxb4 37. Kf3 Ng6 38. Bxg6 hxg6 39. Rb6 Rf4+
40. Kg3 Rc4 41. Rxb5 Rc3+ 42. Kg2 Rxc2+ 43. Kg3 Rc3+ 44. Kg2 Kg7 45. Ra5 Rd3 46.
Ra2 Rb3 47. Ra5 Rd3 48. Ra2 Rd4 49. Kg3 Rd5 50. Re2 Rd3+ 51. Kg2 f5 52. exf6+
Kxf6 53. Re1 e5 54. Ra1 Ke6 55. Ra6+ Rd6 56. Ra5 Rc6 57. Kf3 Kd6 58. Ke4 Rc4+
59. Kf3 Rc5 60. Ra6+ Kd5 61. Rxg6 e4+ 62. Ke3 Rc3+ 63. Kd2 Ra3 64. Ke2 Kd4 65.
Rd6+ Ke5 66. Rh6 Kf4 67. h4 Ra2+ 68. Ke1 Kxg4 69. hxg5 Kxg5 70. Rh3 Kf4 71. Rb3
Ra4 72. Rc3 e3 73. Rc8 1/2-1/2

[Event "ZMDI Open 2014"]
[Site "Dresden GER"]
[Date "2014.08.23"]
[Round "9.19"]
[White "Klenburg, Mikhail"]
[Black "Loewe, Lennard"]
[Result "1-0"]
[WhiteTitle "IM"]
[WhiteElo "2368"]
[BlackElo "2216"]
[WhiteFideId "14102072"]
[BlackFideId "24653268"]
[EventDate "2014.08.15"]

1. g3 Nf6 2. Bg2 g6 3. e4 c6 4. d3 Bg7 5. f4 d5 6. Qe2 O-O 7. Nf3 Bg4 8. e5 Nfd7
9. h3 Bxf3 10. Bxf3 f6 11. d4 e6 12. O-O c5 13. exf6 Qxf6 14. dxc5 Nxc5 15. c3
Nc6 16. Be3 Nd7 17. Na3 a6 18. Nc2 Qf7 19. Rad1 Rad8 20. Bf2 Rfe8 21. Rfe1 Nf6
22. Nd4 Nxd4 23. Bxd4 Kh8 24. Rd3 Nd7 25. Re3 Bxd4 26. cxd4 Qf6 27. Bxd5 Qxd4
28. Bxb7 Nc5 29. Bf3 Na4 30. b3 Nc3 31. Qxa6 Nd5 32. Bxd5 exd5 33. Qe2 Ra8 34.
a4 Rab8 35. Qf2 Rxe3 36. Qxe3 Qb2 37. Rc1 Qxb3 38. Rc8+ Kg7 39. Qe7+ Kh6 40.
Qh4+ Kg7 41. Rc7+ 1-0

[Event "ZMDI Open 2014"]
[Site "Dresden GER"]
[Date "2014.08.23"]
[Round "9.20"]
[White "Osmanodja, Filiz"]
[Black "Humburg, Philipp"]
[Result "1-0"]
[WhiteTitle "WIM"]
[WhiteElo "2295"]
[BlackElo "2087"]
[WhiteFideId "24633569"]
[BlackFideId "24656151"]
[EventDate "2014.08.15"]

1. e4 c5 2. d3 Nc6 3. g3 Nf6 4. Bg2 d5 5. Nd2 e5 6. Ngf3 dxe4 7. dxe4 Be7 8. O-O
O-O 9. c3 Qc7 10. Qc2 Rd8 11. Re1 h6 12. Nf1 c4 13. Ne3 Be6 14. Nf5 Bf8 15. Be3
Ng4 16. h3 Nxe3 17. Nxe3 Bc5 18. Kh2 Rd7 19. Nd2 Bxe3 20. Rxe3 Rad8 21. Nf1 b5
22. Qe2 Nb8 23. Rb1 Qa5 24. b4 cxb3 25. axb3 Nc6 26. Qb2 Qb6 27. Re2 b4 28. c4
a5 29. Ne3 Nd4 30. Ree1 a4 31. bxa4 b3 32. Nd5 Qa5 33. Re3 Ra7 34. f4 f6 35.
fxe5 fxe5 36. Rxb3 Nxb3 37. Qxb3 Qxa4 38. Qb6 Qd7 39. Rd1 Kh8 40. Ne3 Qf7 41.
Rxd8+ Kh7 42. Rd2 Ra3 43. Qc5 Rc3 44. Nd5 Rc1 45. Qf2 Qh5 46. c5 Qg5 47. Rc2 Rb1
48. c6 Qh5 49. c7 Bc8 50. Ne7 Bxh3 51. Bxh3 Qd1 52. Qf5+ Kh8 53. Qf8+ Kh7 54.
Qg8# 1-0

[Event "ZMDI Open 2014"]
[Site "Dresden GER"]
[Date "2014.08.23"]
[Round "9.21"]
[White "Stock, Andreas"]
[Black "Roos, Kseniya"]
[Result "1-0"]
[BlackTitle "WIM"]
[WhiteElo "2085"]
[BlackElo "2272"]
[WhiteFideId "4616430"]
[BlackFideId "4131428"]
[EventDate "2014.08.15"]

1. c4 e5 2. Nc3 Nc6 3. Nf3 g6 4. d4 exd4 5. Nxd4 Bg7 6. Nxc6 bxc6 7. g3 Qe7 8.
Bd2 a5 9. Rc1 Ba6 10. b3 h5 11. Bg2 h4 12. O-O hxg3 13. hxg3 Nf6 14. e4 O-O-O
15. Re1 Bh6 16. Bxh6 Rxh6 17. e5 Nh5 18. Qd4 Rdh8 19. Ne4 d5 20. exd6 Qd7 21.
Qa7 Qf5 1-0

[Event "ZMDI Open 2014"]
[Site "Dresden GER"]
[Date "2014.08.23"]
[Round "9.22"]
[White "Baskin, Robert"]
[Black "Stigar, Petter"]
[Result "1/2-1/2"]
[BlackTitle "FM"]
[WhiteElo "2152"]
[BlackElo "2228"]
[WhiteFideId "24662402"]
[BlackFideId "1500341"]
[EventDate "2014.08.15"]

1. e4 c5 2. Nf3 Nc6 3. d4 cxd4 4. Nxd4 g6 5. c4 Nf6 6. Nc3 d6 7. Be2 Bg7 8. Be3
O-O 9. O-O Bd7 10. Qd2 Nxd4 11. Bxd4 Bc6 12. f3 a5 13. b3 Nd7 14. Be3 Nc5 15.
Rab1 e6 16. Rfd1 Be5 17. Rbc1 Qh4 18. g3 Bxg3 1/2-1/2

[Event "ZMDI Open 2014"]
[Site "Dresden GER"]
[Date "2014.08.23"]
[Round "9.24"]
[White "Mager, Denis"]
[Black "Roesemann, Rainer"]
[Result "1/2-1/2"]
[BlackTitle "FM"]
[WhiteElo "2152"]
[BlackElo "2255"]
[WhiteFideId "24691127"]
[BlackFideId "4610296"]
[EventDate "2014.08.15"]

1. d4 Nf6 2. c4 c5 3. d5 b5 4. cxb5 a6 5. bxa6 g6 6. Nc3 Bxa6 7. e4 Bxf1 8. Kxf1
d6 9. g3 Bg7 10. Kg2 O-O 11. Nf3 Nbd7 12. Qe2 Ra7 13. Bd2 Qa8 14. b3 Ra6 15. a4
e6 16. Nb5 Rc8 17. dxe6 fxe6 18. Ng5 d5 19. e5 Ne4 20. Nxe4 dxe4 21. Bc3 Nxe5
22. Bxe5 Bxe5 23. Rae1 Bg7 1/2-1/2

[Event "ZMDI Open 2014"]
[Site "Dresden GER"]
[Date "2014.08.23"]
[Round "9.25"]
[White "Mueller, Michael1"]
[Black "Budzyn, Matthias"]
[Result "1-0"]
[WhiteTitle "FM"]
[WhiteElo "2246"]
[BlackElo "2145"]
[WhiteFideId "4622081"]
[BlackFideId "24600636"]
[EventDate "2014.08.15"]

1. d4 Nf6 2. Nf3 g6 3. Bf4 Bg7 4. e3 O-O 5. h3 d6 6. Bc4 c5 7. c3 cxd4 8. exd4
b6 9. Qe2 Bb7 10. O-O Nc6 11. Re1 h6 12. Nbd2 Re8 13. Bxf7+ Kxf7 14. Qe6+ Kf8
15. Nh4 Ne5 16. dxe5 Be4 17. Nxe4 Bh8 18. Bxh6+ Bg7 19. Nxg6# 1-0

[Event "ZMDI Open 2014"]
[Site "Dresden GER"]
[Date "2014.08.23"]
[Round "9.26"]
[White "Buechmann, Ole"]
[Black "Heck, Norbert"]
[Result "0-1"]
[BlackTitle "FM"]
[WhiteElo "2117"]
[BlackElo "2239"]
[WhiteFideId "4675053"]
[BlackFideId "4622928"]
[EventDate "2014.08.15"]

1. c4 Nf6 2. g3 e5 3. Bg2 d5 4. cxd5 Nxd5 5. Nf3 Nc6 6. O-O Be7 7. d4 e4 8. Ne5
f5 9. Nxc6 bxc6 10. Qc2 Bd7 11. Nc3 Bf6 12. Nxd5 cxd5 13. Qc5 c6 14. Bd2 Be7 15.
Qa5 Qb6 16. e3 O-O 17. Qxb6 axb6 18. a4 c5 19. a5 bxa5 20. dxc5 a4 21. Bb4 Bc6
22. Rfd1 Bf6 23. Ba3 Rab8 24. Rd2 Rb3 25. Rc1 Rfb8 26. Rcc2 Rxa3 27. bxa3 Rb1+
28. Bf1 Bb5 29. c6 Bxf1 30. f4 exf3 31. Rb2 Bxb2 32. Kf2 Bg2 33. g4 Be5 0-1

[Event "ZMDI Open 2014"]
[Site "Dresden GER"]
[Date "2014.08.23"]
[Round "9.28"]
[White "Martin, Julian"]
[Black "Namyslo, Holger"]
[Result "1/2-1/2"]
[BlackTitle "FM"]
[WhiteElo "2052"]
[BlackElo "2211"]
[WhiteFideId "12941000"]
[BlackFideId "4607430"]
[EventDate "2014.08.15"]

1. e4 e6 2. d4 d5 3. Nd2 dxe4 4. Nxe4 Nf6 5. Bd3 Nbd7 6. Nxf6+ Nxf6 7. Nf3 Be7
8. O-O O-O 9. b3 b6 10. Bb2 Bb7 11. c4 c5 12. dxc5 Bxc5 13. Qe2 h6 14. Rad1 Qe7
15. Rfe1 Bb4 16. Rf1 Rad8 17. Ne5 Nd7 18. Bc2 Nxe5 19. Qxe5 Qg5 20. Qxg5 hxg5
21. Rxd8 Rxd8 22. Rd1 1/2-1/2

[Event "ZMDI Open 2014"]
[Site "Dresden GER"]
[Date "2014.08.23"]
[Round "9.29"]
[White "Grigorian, Spartak"]
[Black "Pererva, Viktor"]
[Result "0-1"]
[WhiteElo "2183"]
[BlackElo "2053"]
[WhiteFideId "24661490"]
[BlackFideId "24696463"]
[EventDate "2014.08.15"]

1. e4 e5 2. Nf3 Nc6 3. Nc3 Nf6 4. Bb5 d6 5. O-O Be7 6. d4 exd4 7. Nxd4 Bd7 8.
Nxc6 bxc6 9. Bc4 O-O 10. Bb3 Re8 11. Qd3 Ng4 12. Kh1 Ne5 13. Qe2 c5 14. f4 Nc6
15. Qh5 g6 16. Qh6 Be6 17. Bxe6 fxe6 18. f5 exf5 19. exf5 Bf8 20. Qh3 Qd7 21.
Bd2 Re5 22. Rf4 Rxf5 23. Ne4 Bg7 24. Ng5 h6 25. Nf3 Qf7 26. Rxf5 Qxf5 27. Qh4
Qxc2 28. Bxh6 Qxb2 29. Qc4+ Kh8 30. Bxg7+ Kxg7 31. Re1 Rf8 32. Qd5 Qf2 33. Qd1
Nd4 34. Re7+ Rf7 35. Rxf7+ Kxf7 36. Ng5+ Kg7 37. h3 Qf5 38. Qc1 Ne2 39. Qb2+ Nd4
40. Qd2 Qf1+ 41. Kh2 Qf5 42. Kh1 Qe5 43. Kg1 Nf5 44. Qf2 Qe3 45. Qxe3 Nxe3 46.
Ne6+ Kf6 47. Nxc7 Ke5 48. a4 c4 49. Kf2 Nd5 50. Nb5 a6 51. Na3 Kd4 52. h4 Kc3
53. g4 Kb3 54. Nxc4 Kxc4 55. h5 gxh5 56. gxh5 Nf6 57. h6 d5 58. Kf3 d4 59. Ke2
Kc3 60. Kd1 Kd3 61. a5 Nh7 0-1